| 000 | 00638nam a2200181 4500 | ||
|---|---|---|---|
| 999 |
_c191226 _d191226 |
||
| 005 | 20220823125815.0 | ||
| 010 | _aENG-134563 | ||
| 020 |
_c500.00 _a9788195174638 |
||
| 035 | _aEN-118095 | ||
| 037 | _bDBAD/PUB | ||
| 082 | _a335.5 | ||
| 245 |
_aRecent advances in arts,science and social sciences/ _cK.Muthuchelian |
||
| 260 |
_aTamil Nadu _bVirudhunagar Hindu Nadars' Senthikumara Nadar College _c2021 |
||
| 270 |
_a3/151-1,College Road,Virudhunagar _bTamil Nadu _e626001 _k(04562) 280154 _msupport@vhnsnc.edu.in |
||
| 300 |
_a132p. _c25cm(pbk) |
||
| 700 |
_aMuthuchelian, K. _eEditor |
||
| 942 |
_2ddc _cEN _h335.5 _mREC |
||